Psychological testing : (Record no. 2896)

000 -LEADER
fixed length control field 02690pam a22003374a 4500
001 - CONTROL NUMBER
control field 5326388
003 - CONTROL NUMBER IDENTIFIER
control field OSt
005 - DATE AND TIME OF LATEST TRANSACTION
control field 20180117085952.0
008 - FIXED-LENGTH DATA ELEMENTS--GENERAL INFORMATION
fixed length control field 040929s2005 caua b 001 0 eng
010 ## - LIBRARY OF CONGRESS CONTROL NUMBER
LC control number 2004022907
020 ## - INTERNATIONAL STANDARD BOOK NUMBER
International Standard Book Number 1412905443 (hardcover)
035 ## - SYSTEM CONTROL NUMBER
System control number (OCoLC)ocm56613742
035 ## - SYSTEM CONTROL NUMBER
System control number (NNC)5326388
040 ## - CATALOGING SOURCE
Original cataloging agency DLC
Transcribing agency DLC
Modifying agency OrLoB-B
042 ## - AUTHENTICATION CODE
Authentication code pcc
050 00 - LIBRARY OF CONGRESS CALL NUMBER
Classification number BF176
Item number .K583 2005
082 00 - DEWEY DECIMAL CLASSIFICATION NUMBER
Classification number 150/.28/7
Edition number 22
100 1# - MAIN ENTRY--PERSONAL NAME
Personal name Kline, Theresa,
Dates associated with a name 1960-
245 10 - TITLE STATEMENT
Title Psychological testing :
Remainder of title a practical approach to design and evaluation /
Statement of responsibility, etc. Theresa J.B. Kline.
260 ## - PUBLICATION, DISTRIBUTION, ETC.
Place of publication, distribution, etc. Thousand Oaks, Calif. :
Name of publisher, distributor, etc. Sage Publications,
Date of publication, distribution, etc. c2005.
300 ## - PHYSICAL DESCRIPTION
Extent xii, 356 p. :
Other physical details ill. ;
Dimensions 26 cm.
504 ## - BIBLIOGRAPHY, ETC. NOTE
Bibliography, etc. note Includes bibliographical references (p. 335-347) and index.
505 00 - FORMATTED CONTENTS NOTE
Miscellaneous information 1.
Title The assessment of individuals : the critical role and fundamentals of measurement --
Miscellaneous information 2.
Title Designing and writing items --
Miscellaneous information 3.
Title Designing and scoring responses --
Miscellaneous information 4.
Title Collecting data : sampling and screening --
Miscellaneous information 5.
Title Classical test theory : assumptions, equations, limitations, and item analyses --
Miscellaneous information 6.
Title Modern test theory : assumptions, equations, limitations, and item analyses --
Miscellaneous information 7.
Title Reliability of test scores and test items --
Miscellaneous information 8.
Title Reliability of raters --
Miscellaneous information 9.
Title Assessing validity using content and criterion methods --
Miscellaneous information 10.
Title Assessing validity via item internal structure --
Miscellaneous information 11.
Title Ethics and professional issues in testing --
Miscellaneous information 12.
Title Brief reviews of some selected tests and concluding comments.
520 1# - SUMMARY, ETC.
Summary, etc. "Theresa Kline guides readers through the process of designing and evaluating a test, paying careful attention to ensure that the test meets the highest professional standards. Kline uses simple, clear examples throughout and fully details the required statistical analyses." "Psychological Testing is perfectly suited as a main text for upper-level undergraduate and graduate testing or psychometrics courses in departments of Psychology, Education, Sociology, Management, and in the Human Services disciplines. Professional researchers, educators, and consultants will also want to add this to their libraries for up-to-date coverage of test design and evaluation techniques."--BOOK JACKET.
650 #0 - SUBJECT ADDED ENTRY--TOPICAL TERM
Topical term or geographic name entry element Psychological tests.
856 41 - ELECTRONIC LOCATION AND ACCESS
Materials specified Table of contents
Uniform Resource Identifier <a href="http://www.loc.gov/catdir/toc/ecip051/2004022907.html">http://www.loc.gov/catdir/toc/ecip051/2004022907.html</a>
900 ## - EQUIVALENCE OR CROSS-REFERENCE-PERSONAL NAME [LOCAL, CANADA]
Numeration TOC
942 ## - ADDED ENTRY ELEMENTS (KOHA)
Source of classification or shelving scheme
Koha item type Book
Holdings
Withdrawn status Lost status Source of classification or shelving scheme Damaged status Not for loan Collection code Permanent Location Current Location Shelving location Date acquired Total Checkouts Full call number Barcode Date last seen Price effective from Koha item type
            Central Library (CL) Central Library (CL) General Stacks 03/24/2016   150/.28/7 KLI S3H-N-248 03/24/2016 03/24/2016 Book
            Central Library (CL) Central Library (CL) General Stacks 07/11/2017   150/.28/7 KLI S3H-N-1775 07/11/2017 07/11/2017 Book
© 2023 Central Library, National University of Sciences and Technology. All Rights Reserved.